Veľké hľadanie v prírode (Record no. 21967)
[ view plain ]
| 000 -LEADER | |
|---|---|
| fixed length control field | 01862nam a2200493 a 4500 |
| 001 - CONTROL NUMBER | |
| control field | 21967 |
| 003 - CONTROL NUMBER IDENTIFIER | |
| control field | VRT |
| 005 - DATE AND TIME OF LATEST TRANSACTION | |
| control field | 20260316115601.0 |
| 008 - FIXED-LENGTH DATA ELEMENTS--GENERAL INFORMATION | |
| fixed length control field | 240313s2000 xo a r slo |
| 015 ## - NATIONAL BIBLIOGRAPHY NUMBER | |
| National bibliography number | SNBA2001/04-01320 |
| 020 ## - INTERNATIONAL STANDARD BOOK NUMBER | |
| International Standard Book Number | 800601017X |
| 035 ## - SYSTEM CONTROL NUMBER | |
| System control number | SNK000361305 |
| 035 ## - SYSTEM CONTROL NUMBER | |
| System control number | urn:nbn:sk:snk-amltvx |
| 035 ## - SYSTEM CONTROL NUMBER | |
| System control number | urn:nbn:sk:snk-am00ccml |
| 035 ## - SYSTEM CONTROL NUMBER | |
| System control number | 37BC4824-0206-41FE-B0B4-FBB991F6170A |
| 039 #9 - LEVEL OF BIBLIOGRAPHIC CONTROL AND CODING DETAIL [OBSOLETE] | |
| Level of rules in bibliographic description | 202403131701 |
| Level of effort used to assign nonsubject heading access points | VLOAD |
| Level of effort used to assign subject headings | 202402261858 |
| Level of effort used to assign classification | VLOAD |
| Level of effort used to assign subject headings | 202305021114 |
| Level of effort used to assign classification | AUTHORITY |
| Level of effort used to assign subject headings | 201711230957 |
| Level of effort used to assign classification | VLOAD |
| 040 ## - CATALOGING SOURCE | |
| Original cataloging agency | SNK |
| Language of cataloging | slo |
| Transcribing agency | SNK |
| Description conventions | AACR2 |
| 041 0# - LANGUAGE CODE | |
| Language code of text/sound track or separate title | slo |
| 044 ## - COUNTRY OF PUBLISHING/PRODUCING ENTITY CODE | |
| MARC country code | xo |
| ISO country code | SK |
| 080 ## - UNIVERSAL DECIMAL CLASSIFICATION NUMBER | |
| Universal Decimal Classification number | 592/599(031)(087.5) |
| Edition identifier | 1981 |
| 080 ## - UNIVERSAL DECIMAL CLASSIFICATION NUMBER | |
| Universal Decimal Classification number | 03(087.5) |
| Edition identifier | 1981 |
| 100 1# - MAIN ENTRY--PERSONAL NAME | |
| Personal name | Young, Caroline |
| Relationship | aut |
| 240 10 - UNIFORM TITLE | |
| Uniform title | The usborne great wildlife search |
| Language of a work | Slovensky |
| 245 1# - TITLE STATEMENT | |
| Title | Veľké hľadanie v prírode |
| Statement of responsibility, etc. | Caroline Youngová, Kate Needhamová ; ilustroval Ian Jackson ; grafická úprava Andy Dixon a Andy Griffin ; [preklad: Karol Hensel] |
| 260 ## - PUBLICATION, DISTRIBUTION, ETC. | |
| Place of publication, distribution, etc. | Bratislava |
| Name of publisher, distributor, etc. | Mladé letá |
| Date of publication, distribution, etc. | 2000 |
| 300 ## - PHYSICAL DESCRIPTION | |
| Extent | 110 s. |
| Other physical details | fareb. ilustr. |
| Dimensions | 33 cm |
| 500 ## - GENERAL NOTE | |
| General note | Ilustr. na tit. strane |
| 500 ## - GENERAL NOTE | |
| General note | Údaj o prekl. prevzatý z rubu tit. strany |
| 504 ## - BIBLIOGRAPHY, ETC. NOTE | |
| Bibliography, etc. note | Reg. |
| 650 07 - SUBJECT ADDED ENTRY--TOPICAL TERM | |
| Topical term or geographic name entry element | živočíchy |
| General subdivision | encyklopédie pre deti |
| Source of heading or term | SNK |
| 650 07 - SUBJECT ADDED ENTRY--TOPICAL TERM | |
| Topical term or geographic name entry element | encyklopédie pre deti |
| General subdivision | živočíchy |
| Source of heading or term | SNK |
| 655 #7 - INDEX TERM--GENRE/FORM | |
| Genre/form data or focus term | encyklopédie |
| Source of term | SNK |
| 700 1# - ADDED ENTRY--PERSONAL NAME | |
| Personal name | Needham, Kate |
| Relationship | aut |
| 700 1# - ADDED ENTRY--PERSONAL NAME | |
| Personal name | Jackson, Ian |
| Relationship | ill |
| 700 1# - ADDED ENTRY--PERSONAL NAME | |
| Personal name | Dixon, Andy |
| Relationship | ill |
| 700 1# - ADDED ENTRY--PERSONAL NAME | |
| Personal name | Griffin, Andy |
| Relationship | ill |
| 700 1# - ADDED ENTRY--PERSONAL NAME | |
| Personal name | Hensel, Karol, |
| Dates associated with a name | 1939-2020 |
| Relationship | trl |
| 942 ## - ADDED ENTRY ELEMENTS (KOHA) | |
| Source of classification or shelving scheme | Dewey Decimal Classification |
| Koha item type | Odborná literatúra pre deti |
| Suppress in OPAC | No |
| 949 ## - LOCAL PROCESSING INFORMATION (OCLC) | |
| 6 | 273K0098413 |
| a | svkpoC 36999 |
| b | svkpo443687 |
| 949 ## - LOCAL PROCESSING INFORMATION (OCLC) | |
| 6 | 270001000089757 |
| a | svkbbD 1042 |
| b | svkbbm 633460 |
| 949 ## - LOCAL PROCESSING INFORMATION (OCLC) | |
| 6 | 17A0270827 |
| 9 | P60, <03>, [BOOK], {603} |
| a | snkSB 63017 |
| b | snkKSP 1927/2001 |
| s | 6100:20160606 |
| 949 ## - LOCAL PROCESSING INFORMATION (OCLC) | |
| 6 | 17A0270826 |
| 9 | P60, <04>, [BOOK], {604} |
| a | snkSB 63017 D1 |
| b | snkKSP 1928/2001 |
| Stav vyradenia | Strata | Poškodenie | Spôsob nadobudnutia | Domovská knižnica | Aktuálna knižnica | Dátum nadobudnutia | Total checkouts | Čiarový kód exemplára | Date last seen | Typ exemplára |
|---|---|---|---|---|---|---|---|---|---|---|
| Dar | Obecná knižnica Turčianska Štiavnička | Obecná knižnica Turčianska Štiavnička | 16.03.2026 | 4738000411 | 16.03.2026 | Odborná literatúra pre deti |
